000 00444nam a2200181Ia 4500
008 240925s9999 xx 000 0 und d
020 _a9789332543607
082 _a658.800954 KAS
100 _aKashyap, Pradeep
245 0 _aRural Marketing
250 _a3rd
260 _aIndia:
_bPearson Education
_c,2016.
300 _a264p.
_bNA
_fOriginal
500 _aIncludes Index
600 _aManagement
650 _aManagement
942 _cBK
999 _c17050
_d17050